Países Que Hablan Lenguas Romances - Estadísticas

Estadísticas generales
  • Esta prueba ha sido intentada 145 veces
    123 desde el último reinicio
  • La puntuación promedio es 54 de 68
Estadísticas de respuestas
Lengua País % Correcto
Italiano Italia
100%
Español España
99%
Español Argentina
97%
Español Chile
96%
Francés Guinea
96%
Español Venezuela
96%
Catalán Andorra
95%
Español Bolivia
95%
Portugués Brasil
95%
Italiano Ciudad del Vaticano
95%
Español Colombia
95%
Portugués Portugal
95%
Español Uruguay
95%
Español Guatemala
94%
Español Ecuador
93%
Español El Salvador
93%
Español Honduras
93%
Español México
93%
Español República Dominicana
93%
Francés Francia
92%
Español, Francés, Portugués Guinea Ecuatorial
92%
Rumano Rumania
92%
Español Panamá
91%
Español Paraguay
91%
Español Costa Rica
90%
Español Perú
90%
Italiano San Marino
90%
Francés, Italiano Suiza
90%
Español Nicaragua
89%
Francés Haití
88%
Español Cuba
87%
Portugués Angola
86%
Portugués Guinea-Bissau
86%
Francés Mónaco
84%
Francés Bélgica
82%
Francés Senegal
82%
Portugués Mozambique
81%
Francés República del Congo
80%
Francés República Democrática del Congo
80%
Portugués Cabo Verde
79%
Francés Canadá
79%
Portugués Santo Tomé y Príncipe
78%
Rumano Moldavia
76%
Francés Luxemburgo
73%
Francés Níger
73%
Francés Costa de Marfil
72%
Francés Malí
71%
Francés Camerún
70%
Francés Chad
69%
Italiano Malta
69%
Francés Gabón
65%
Francés República Centroafricana
64%
Francés Togo
64%
Francés Benín
63%
Francés Ruanda
63%
Francés Burundi
62%
Francés Madagascar
62%
Francés Dominica
60%
Francés Seychelles
60%
Francés Comoras
58%
Portugués Timor Oriental
57%
Francés Yibuti
55%
Italiano Albania
54%
Francés Burkina Faso
54%
Italiano Eslovenia
53%
Italiano Croacia
45%
Francés Santa Lucía
45%
Francés Vanuatu
42%
No se encontraron pruebas coincidentes
Distribución de puntuación
Porcentaje de gente con cada puntuación
Porcentaje por número respondido
Historial de tus puntuaciones
No has intentado esta prueba desde el último reinicio